000
00506nam a2200181Ia 4500
008
090124s9999 xx 000 0 und d
082
_b
46994
100
_a
देशमुख डॉ. अनंत
245
_a
मुउातछंद
250
_a
1
260
_c
2008
300
_a
156
600
_a
देशमुख डॉ. अनंत
630
_a
मुउातछंद
700
_a
देशमुख डॉ. अनंत
730
_a
मुउातछंद
942
_c
BOOK
999
_c
113221
_d
113221